000
00197 a2200097 4500
001
9273
100
_a
Aldington, R
245
_a
Lawrence of Arabia
260
_a
_b
Collins
_c
090
_c
7442
_d
7442
942
_a
NUST-CAE
_c
M
_c
34092
999
_c
244346
_d
244346